| Поле | Инд. | ПП | Название | Значение |
|---|---|---|---|---|
| Тип записи | a | |||
| Библиографический уровень | m | |||
| 001 | Контрольный номер | 00e3438c-c1cd-4e41-a1b1-956cd09cb517 | ||
| 005 | Дата корректировки | 20140703132615.1 | ||
| 008 | Кодируемые данные | 000323 d | ||
| 020 | c | Цена, тираж | б/ц | |
| 080 | a | Индекс УДК | 808.2-313(043.3) | |
| 084 | a | Индекс другой классификации/Индекс ББК | Ш141.12-314я031 | |
| 090 | x | Авторский знак | Г19 | |
| a | Полочн. индекс | Ш141.12 | ||
| 100 | 1_ | a | Автор | Ганжина Ирина Михайловна |
| 245 | 10 | a | Заглавие | Тверская антропонимия ХVI в. в социально-историческом и лингвистическом аспектах (на материале тверских писцовых книг) |
| b | Продолж. заглавия | автореф. дис. ... канд. филол. наук | ||
| c | Ответственность | Твер. гос. ун-т, Каф. рус. яз. филол. фак. | ||
| 260 | 1_ | a | Место издания | Тверь |
| c | Дата издания | 1992 | ||
| 300 | a | Объем | 19, [1] с. | |
| 500 | a | Примечание | На правах рукоп. | |
| 504 | a | Библиография | Библиогр.: с. 19-20 и в подстроч. примеч. | |
| 583 | a | Действие | Получение впервые 28 09.02.2005 | |
| 650 | a | Основная рубрика | Русский язык | |
| x | Основная подрубрика | Лексикология историческая | ||
| y | Хронологическая подрубрика | 16 в. | ||
| x | Основная подрубрика | Антропонимика | ||
| z | Географическая подрубрика | Тверская область | ||
| 653 | a | Ключевые слова | Русский язык | |
| a | Ключевые слова | Топонимика | ||
| a | Ключевые слова | Этнонимика | ||
| a | Ключевые слова | Ономастика | ||
| a | Ключевые слова | Антропонимика | ||
| a | Ключевые слова | Тверская антропонимика | ||
| a | Ключевые слова | Лексикология русского языка | ||
| a | Ключевые слова | Историческая лексикология русского языка | ||
| a | Ключевые слова | Авторефераты | ||
| a | Ключевые слова | Краеведение | ||
| a | Ключевые слова | Труды Тверского государственного университета | ||
| 710 | a | Организация/ юрисдикция | Тверской государственный университет | |
| 852 | t | Порядковый номер экземпляра | 2 | |
| p | Инвентарный номер | б/н | ||
| 888 | a | Бесплатные | ||
| 930 | a | Новая/Ретро | авторефераты | |
| a | Новая/Ретро | краеведение | ||
| 952 | p | 28.2005 б/ц 2 б/н | ||
| c | Вид литературы | А/Р н | ||
| 954 | a | Дата поступления на обработку | 20050214 | |
| 999 | a | Подразделение 2 | ч.з. |